Największe miasta w Europie - Statystyki

Ogólne statystyki
  • Ten quiz został rozwiązany 330 razy
  • Średni wynik to 8 z 10
Statystyki odpowiedzi
Populacja Miasto % Poprawnych
2,15 mln Paryż
98%
12,63 mln Moskwa
96%
3,68 mln Berlin
95%
3,31 mln Madryt
94%
8,80 mln Londyn
92%
2,76 mln Rzym
86%
2,92 mln Kijów
73%
15,90 mln Stambuł
72%
5,38 mln Petersburg
62%
2,16 mln Bukareszt
38%
Nie znaleziono quizów pasujących do podanych kryteriów
Rozkład punktacji
Procent ludzi z każdym wynikiem
Percentyl według liczby udzielonych odpowiedzi
Twoja historia wyników
Nie rozwiązałeś tego quizu